000 00295nam a2200121Ia 4500
008 190216s9999||||xx |||||||||||||| ||und||
100 _aNahdath Savad Amozee
245 0 _aRousu Thadrees Farsee 1
260 _bIndian Open University Books
_c1978
300 _a161p
650 _aArabic
942 _cBK
999 _c295
_d295